Banská Bystrica

Zobrazenie: Na bielom podklade jeden pohľad na Hodinovú vežu a zámok i kostol za ňou, jeden letecký pohľad na centrum mesta, jeden pohľad na budovu s nápisom "Reštaurácia", pred ktorou je striekajúca fontána, jeden pohľad na budovy, jeden pohľad na kúpalisko, jeden pohľad na budovu, na vrc...

Full description

Bibliographic Details
Other Authors: Šťastný, Jozef, 1936- (Photographer), Srch, Antonín (fotograf) (Photographer), Menec, Zdeněk, 1914-1998 (Photographer)
Format: Photo
Language:Slovak
PhysicalDescription:1 pohľadnica (7 čiastkových pohľadov) farebná 11 x 23 cm
Published: Praha Orbis [1972?]
Subjects:

MARC

LEADER 00000nkm a2200000 a 4500
001 vtls011989583
003 SK-MaSNL
005 20260331212240.0
007 kf co
008 230706q1972 xr g kuslo
015 |a SNBG1972 
035 |a urn:nbn:sk:snk-km00fdd1 
035 |a urn:nbn:sk:snk-km45twk 
035 |a 61F64318-EE59-4921-BFE5-63366BABF5E9 
040 |a SNK  |b slo  |c SNK  |e AACR2 
041 0 |a slo 
043 |a e-xo--- 
044 |a xr  |c CZ 
072 7 |a 913  |x Regionálna geografia  |2 konspekt 
080 |a 913(437.6)  |2 2011 
080 |a 904(084.121)  |2 2011 
080 |a 728.81  |2 2011 
080 |a 726:27-523.41  |2 2011 
080 |a 725.942  |2 2011 
080 |a 725/726.012.28  |2 2011 
080 |a 721  |2 2011 
080 |a 711.61  |2 2011 
080 |a 625.712.4  |2 2011 
080 |a 94(437.6)"1944"  |2 2011 
080 |a 725.945  |2 2011 
080 |a 069  |2 2011 
080 |a 726:27-523.42  |2 2011 
080 |a 640.412  |2 2011 
080 |a 725.948  |2 2011 
080 |a 725.1:613.47-026.912  |2 2011 
080 |a 640.43  |2 2011 
100 1 |a Šťastný, Jozef,  |d 1936-  |4 pht  |9 7817 
245 1 0 |a Banská Bystrica  |h grafika  |c foto J. Šťastný, A. Srch, Z. Menec 
246 1 |i Názov na obrazovej časti:  |a Banská Bystrica 
260 |a Praha  |b Orbis  |c [1972?] 
300 |a 1 pohľadnica (7 čiastkových pohľadov)  |b farebná  |c 11 x 23 cm 
520 8 |a Zobrazenie: Na bielom podklade jeden pohľad na Hodinovú vežu a zámok i kostol za ňou, jeden letecký pohľad na centrum mesta, jeden pohľad na budovu s nápisom "Reštaurácia", pred ktorou je striekajúca fontána, jeden pohľad na budovy, jeden pohľad na kúpalisko, jeden pohľad na budovu, na vrchu ktorej je nápis "Lux" a jeden pohľad na pamätník a múzeum SNP. V pravom hornom rohu medzi zábermi je erb mesta 
610 2 7 |a Katedrála sv. Františka Xaverského (Banská Bystrica, Slovensko)  |2 SNKKA  |9 227126 
610 1 7 |a Banská Bystrica (Slovensko : hrad)  |2 SNKKA  |9 165891 
610 2 7 |a Múzeum SNP (Banská Bystrica, Slovensko)  |2 SNKKA  |9 33040 
610 2 7 |a Kostol Nanebovzatia Panny Márie (Banská Bystrica, Slovensko)  |2 SNKKA  |9 171768 
650 0 7 |a kultúrne pamiatky  |2 SNKPH  |9 2862 
650 0 7 |a katedrály  |2 SNKPH  |9 3032 
650 0 7 |a námestia  |2 SNKPH  |9 26291 
650 0 7 |a Hodinová veža (Banská Bystrica, Slovensko)  |2 SNKPH  |9 259089 
650 0 7 |a veže  |2 SNKPH  |9 30797 
650 0 7 |a hrady  |2 SNKPH  |9 3039 
650 0 7 |a budovy  |2 SNKPH  |9 1283 
650 0 7 |a Čierny obelisk (Banská Bystrica, Slovensko)  |2 SNKPH  |9 364634 
650 0 7 |a obelisky  |2 SNKPH  |9 30801 
650 0 7 |a Pamätník Slovenského národného povstania (Banská Bystrica, Slovensko)  |2 SNKPH  |9 364705 
650 0 7 |a múzeá  |2 SNKPH  |9 4119 
650 0 7 |a pamätníky  |2 SNKPH  |9 25601 
650 0 7 |a Slovenské národné povstanie (1944)  |2 SNKPH  |9 177948 
650 0 7 |a kostoly  |2 SNKPH  |9 3023 
650 0 7 |a hotely  |2 SNKPH  |9 18422 
650 0 7 |a fontány  |2 SNKPH  |9 3014 
650 0 7 |a kúpaliská  |2 SNKPH  |9 4394 
650 0 7 |a reštaurácie  |2 SNKPH  |9 23080 
651 7 |a Banská Bystrica (Slovensko)  |2 SNKPHgeo  |9 22015 
651 7 |a Námestie SNP (Banská Bystrica, Slovensko)  |2 SNKPHgeo  |9 112859 
655 7 |a miestne pohľadnice  |2 SNKPH  |9 70510 
655 7 |a pohľadnice kultúrnych pamiatok  |2 SNKPH  |9 70523 
700 1 |a Srch, Antonín  |c (fotograf)  |4 pht  |9 390055 
700 1 |a Menec, Zdeněk,  |d 1914-1998  |4 pht  |9 56676 
852 |a Slovenská národná knižnica 
958 |a GBN 
958 |a OND 
958 |a GC 
999 |c 867549  |d 869479 
952 |a SNK  |b SNK  |y PREZ  |7 0  |p 17A1410744  |o snkSP 132709  |z Pohľadnica prešla poštou.  |0 0  |1 0  |4 0  |d 2020-08-27  |f 1  |l 0  |r 2026-02-24 05:31:56  |w 2026-02-24